000 01222nam a2200289Ia 4500
003 OSt
005 20221005104023.0
006 a|||||r|||| 00| 0
007 ta
008 221004b |||||||| |||| 00| 0 hin d
020 _a8186684964 (hbk)
_c525
024 _a4010
037 _bBR6651, 24/01/2013, Rajkamal Prakashan Pvt. Ltd.
_cTextual
040 _aCRL
_cCRL
_bhin
041 _2hin
_ahin
082 _aYv2.D, 152P1
100 _aथापर, रोमिला
245 0 _aप्राचीन भारत का सामाजिक इतिहास
246 _aPrāchīn bhārat kā sāmājik itihāsa
260 _aदिल्ली
_bग्रंथशिल्पी भारत
_c2001
300 _a330पृ0
_ccm.
490 _aभारतीय इतिहास के गौरव ग्रंथ
650 _aभारतीय-लोक साहित्य
700 _a आदित्यनारायण सिंह, अनु.
942 _hYv2.D, 152P1
_cTEXL
_2cc
999 _c1011515
_d1011515